Normal view
MARC view
- Tromba, Anthony
Entry Personal Name
001 - CONTROL NUMBER
- control field: 103309
003 - CONTROL NUMBER IDENTIFIER
- control field: NUST
005 - DATE AND TIME OF LATEST TRANSACTION
- control field: 20221121181330.0
008 - FIXED-LENGTH DATA ELEMENTS
- fixed length control field: 221121|| aca||aabn | a|a d
040 ## - CATALOGING SOURCE
- Original cataloging agency: NUST
- Transcribing agency: NUST
100 ## - HEADING--PERSONAL NAME
- Personal name: Tromba, Anthony
670 ## - SOURCE DATA FOUND
- Source citation: Work cat.: (NUST)179339: Marsden, Jerrold E. 52081, Vector calculus /, c1976.
